| 000 | 00827cam a2200253 a 4500 | ||
|---|---|---|---|
| 999 |
_c3984 _d3984 |
||
| 003 | ALUPE UNIVERSITY COLLEGE | ||
| 005 | 20220224070513.0 | ||
| 008 | 840515s1985 stka b 001 0 eng | ||
| 020 | _a044302751X (pbk.) : | ||
| 040 | _cALUPE UNIVERSITY COLLEGE | ||
| 050 | 0 | 0 |
_aRT86.3 _b.C68 1985 |
| 100 | 1 | _aCoutts, Lyn C. | |
| 245 | 1 | 0 |
_aTeaching for health : _bthe nurse as health educator / _cLyn C. Coutts, Leslie K. Hardy. |
| 260 |
_aEdinburgh ; _aNew York : _bChurchill Livingstone, _cc1985. |
||
| 300 |
_avi, 225 p. : _bill. ; _c22 cm. |
||
| 504 | _aIncludes bibliographies and index. | ||
| 650 | 0 | _aHealth education. | |
| 650 | 0 | _aNursing. | |
| 650 | 0 | _aPatient education. | |
| 650 | 0 | _aHealth promotion. | |
| 700 | 1 | _aHardy, Leslie K. | |
| 906 |
_a7 _bcbc _corignew _d1 _eocip _f19 _gy-gencatlg |
||
| 942 |
_2lcc _cBK |
||